000 01369nam a2200325Ia 4500
001 ebr10408459
003 CaPaEBR
006 m u
007 cr cn|||||||||
008 061006s2010 dcu s 000 0 eng d
020 _z9780821382554
040 _aCaPaEBR
_cCaPaEBR
035 _a(OCoLC)680620504
050 1 4 _aHC800
_b.L58 2010eb
245 0 4 _aThe little data book on Africa.
_n2010
_h[electronic resource].
260 _aWashington, DC :
_bWorld Bank,
_cc2010.
300 _avi, 120 p.
533 _aElectronic reproduction.
_bPalo Alto, Calif. :
_cebrary,
_d2013.
_nAvailable via World Wide Web.
_nAccess may be limited to ebrary affiliated libraries.
650 0 _aEconomic indicators
_zAfrica.
650 0 _aSocial indicators
_zAfrica.
651 0 _aAfrica
_xEconomic conditions
_y1960-
_vStatistics.
651 0 _aAfrica
_xSocial conditions
_y1960-
_vStatistics.
655 7 _aElectronic books.
_2local
710 2 _aWorld Bank.
_bAfrica Regional Office.
_bOffice of the Chief Economist.
710 2 _aWorld Bank.
_bAfrica Regional Office.
_bOperational Quality and Knowledge Services.
710 2 _aWorld Bank.
_bDevelopment Data Group.
710 2 _aebrary, Inc.
730 0 _aAfrica development indicators.
856 4 0 _uhttp://site.ebrary.com/lib/rucke/Doc?id=10408459
_zAn electronic book accessible through the World Wide Web; click to view
999 _c80240
_d80240